Datum a čas kvízu

33 Celkem bodů Celkový počet nahraných bodů na tomto kvízu bez doplňovacích otázek.
7. Pořadí na kvízu Konečné umístění týmu na tomto kvízu.

Zaznamenané odpovědi

# Otázka Odpověď Body Výsledky
1. Který obchodní řetězec minulý... Billa 1
2. Rádio svobodná Evropa/Rádio Sv... v Maďarsku 0
3. V pátek proběhlo slavnostní vy... Vladimír Mišík 1
4. Minulý týden došlo ke změně ma... nákupní centrum Palladium 0
5. Na fotbalové mistrovství světa... Curaçao 0
6. Za půl bodu uveďte název ameri... Bratrstvo neohrožených/Band of Brothers; Richard „Dick“ Winters 0.5
7. Seřaďte následující vojenské h... 1D 2A 3C 4B 1
8. Po půl bodu uveďte jméno inter... Karel Kryl; Píseň neznámého vojína 0.5
9. Uveďte jméno zobrazeného česko... Alois Eliáš 0
10. Ve kterém satirickém románu vy... Hlava XXII (Catch-22) 0